Investigación de mercados: un enfoque aplicado
Uloženo v:
| Hlavní autoři: | , |
|---|---|
| Médium: | Kniha |
| Jazyk: | španělština |
| Vydáno: |
Bogotá
McGraw-Hill
1993
|
| Vydání: | 4a. ed |
| Témata: | |
| Tagy: |
Přidat tag
Žádné tagy, Buďte první, kdo vytvoří štítek k tomuto záznamu!
|
MARC
| LEADER | 00000cam a2200000 a 4500 | ||
|---|---|---|---|
| 001 | UCX9529 | ||
| 003 | CL-VaPUC | ||
| 008 | 940613e19930000CK |||||||||||||||||spa|d | ||
| 020 | |a 9586001245 | ||
| 082 | 0 | 4 | |a 658.8 |b KIN |2 21 |
| 100 | |a Kinnear, Thomas C |e author |9 412058 | ||
| 700 | 0 | |a Taylor, James R |e author |9 326949 | |
| 245 | 1 | 0 | |a Investigación de mercados: un enfoque aplicado |
| 250 | |a 4a. ed | ||
| 300 | |a 812 p | ||
| 942 | |c BK | ||
| 945 | |d 19940613 00:00:00 |a mfernand | ||
| 260 | |a Bogotá |b McGraw-Hill |c 1993 | ||
| 650 | 0 | |a Análisis de mercado |9 260838 | |
| 650 | 0 | |a Comercialización |9 259326 | |
| 650 | 0 | |a Muestreo |9 270457 | |
| 650 | 0 | |a Estadística |9 259535 | |
| 583 | |a last modification |c 20170525 12:20:25 |k Rodrigo Vera | ||
| 999 | |c 228741 |d 228739 | ||
| 952 | |0 0 |1 0 |4 0 |6 658_800000000000000_KIN_1993 |7 0 |8 A |9 229131 |a BIBENE |b BIBENE |d 2019-11-15 |i 2986493 |o 658.8 KIN 1993 |p 2986493 |r 2025-01-15 |w 2019-11-15 |y BK |k ICO | ||
| 952 | |0 0 |1 0 |4 0 |6 658_800000000000000_KIN_1993 |7 0 |8 A |9 229132 |a BIBENE |b BIBENE |d 2019-11-15 |i 2986507 |o 658.8 KIN 1993 |p 2986507 |r 2025-01-15 |w 2019-11-15 |y BK |k ICO | ||
| 952 | |0 0 |1 0 |4 0 |6 658_800000000000000_KIN_1993 |7 0 |8 CCM |9 229133 |a BIBCUR |b BIBCUR |d 2019-11-15 |i 320149K |o 658.8 KIN 1993 |p 320149K |r 2025-04-22 |w 2019-11-15 |y BK |k CIM | ||
| 952 | |0 0 |1 0 |4 0 |6 658_800000000000000_KIN_1993 |7 0 |8 CCM |9 229134 |a BIBCUR |b BIBCUR |d 2019-11-15 |i 3201503 |o 658.8 KIN 1993 |p 3201503 |r 2025-04-22 |w 2019-11-15 |y BK |k CIM | ||